| 000 | 00668nam a2200229Ii 4500 | ||
|---|---|---|---|
| 003 | JO-AjNU | ||
| 008 | 230606s9999||||xx |||||||||||||| ||und|| | ||
| 020 | _a978-0-538-75503-0 | ||
| 040 |
_aJO-AjNU _beng _erda _cJO-AjNU |
||
| 041 | _aeng | ||
| 050 | 1 | 4 | _aQA76.P37 1996 |
| 100 | 3 |
_aOja,Dan/PARSONS ,June Jmrich , _eauthor _91125 |
|
| 245 | 0 | 0 | _a Computer concepts : introductory |
| 250 | _a5 ed | ||
| 264 | 3 | 1 | _aCOURSE TECHNOLOGY:Australia,2011 |
| 300 | _a252p | ||
| 336 |
_atext _btxt _2rdacontent |
||
| 337 |
_aunmediated _bn _2rdamedia |
||
| 338 |
_avolume _bnc _2rdacarrier |
||
| 490 | 0 | _a New perspectives series | |
| 650 | 4 |
_a Computer science. _91126 |
|
| 999 |
_aE589 _c589 _d589 |
||